Gaming Quiz

Random Gaming or Video Games Quiz
Score 0/30 Timer 07:00
6 Plays Today
% Correct
Mario (Bowser)
97.6%
Sonic the Hedgehog (Dr. Robotnik)
85.2%
Pokémon (Rival)
82.5%
Portal (GlaDOS)
77.8%
Super Smash Bros. (Master Hand)
70.4%
The Legend of Zelda (Ganondorf)
70.2%
Crash Bandicoot (Dr. Neo Cortex)
68%
Kirby (King Dedede)
63.4%
Castlevania (Dracula)
61.4%
Donkey Kong (King K. Rool)
59.3%
Mortal Kombat (Shang Tsung)
58.6%
Wolfenstein 3D (Mecha-Hitler)
55.9%
Resident Evil 3: Nemesis (Nemesis)
52%
Guitar Hero 3 (Lou)
50.4%
Mass Effect (Saren Arterius)
46.9%
% Correct
Star Fox (Andross)
44.1%
Diablo 3 (Diablo)
42.1%
Gears of War (General Raam)
41.6%
Final Fantasy VI (Kefka)
33.4%
Metroid (Mother Brain)
32.2%
Metal Gear Solid (Liquid Snake)
31.4%
Kingdom Hearts (Ansem)
26.3%
Earthbound (Giygas)
24.6%
Prince of Persia: The Two Thrones (Dark Prince)
22.3%
Devil May Cry 3 (Vergil)
21.6%
Diddy Kong Racing (Wizpig)
21.5%
Street Fighter IV (Seth)
20.8%
Chrono Trigger (Lavos)
20.7%
ICO (The Queen)
5.1%
Vagrant Story (Romeo Guildenstern)
4.9%
Remove Ads.
Support Sporcle.
Get the best of Sporcle when you Go Orange. This ad-free experience offers more features, more stats, and more fun while also helping to support Sporcle. Thank you for becoming a member.

You're not logged in!

Compare scores with friends on all Sporcle quizzes.
OR
Log In

Show Comments

Extras

Top Quizzes Today


Score Distribution

Your Account Isn't Verified!

In order to create a playlist on Sporcle, you need to verify the email address you used during registration. Go to your Sporcle Settings to finish the process.

Report this User

Report this user for behavior that violates our Community Guidelines.

Details: